[Event "Stay Safe Play From Home 342"]
[Site "Emanuel Lasker Arena"]
[Date "2020.07.29"]
[Round "4"]
[White "Swolkenlosa"]
[Black "Erdema"]
[Result "0-1"]
[WhiteElo "1538"]
[BlackElo "1566"]
[Annotator "NA"]
[PlyCount "90"]
[EventDate "2020.07.29"]
[EventType "swiss (blitz)"]

1. d4 {[%emt 0:00:12]} d5 {[%emt 0:00:03]} 2. Nf3 {[%emt 0:00:10]} e6 {[%emt 0:00:02]} 3. g3 {[%emt 0:00:27]} Nf6 {[%emt 0:00:03]} 4. Bg2 {[%emt 0:00:01]} h6 {[%emt 0:00:02]} 5. O-O {[%emt 0:00:01]} Bd6 {[%emt 0:00:02]} 6. Nbd2 {[%emt 0:00:01]} O-O {[%emt 0:00:02]} 7. c4 {[%emt 0:00:01]} b6 {[%emt 0:00:03]} 8. b3 {[%emt 0:00:02]} Bb7 {[%emt 0:00:02]} 9. Bb2 {[%emt 0:00:02]} dxc4 {[%emt 0:00:02]} 10. Nxc4 {[%emt 0:00:02]} Nd5 {[%emt 0:00:18]} 11. e4 {[%emt 0:00:19]} Nb4 {[%emt 0:00:09]} 12. Nxd6 {[%emt 0:00:02]} cxd6 {[%emt 0:00:03]} 13. Nd2 {[%emt 0:00:04]} N8c6 {[%emt 0:00:13]} 14. a3 {[%emt 0:00:01]} Na6 {[%emt 0:00:02]} 15. Nc4 {[%emt 0:00:01]} d5 {[%emt 0:00:07]} 16. exd5 {[%emt 0:00:04]} exd5 {[%emt 0:00:01]} 17. Ne3 {[%emt 0:00:03]} Ne7 {[%emt 0:00:09]} 18. b4 {[%emt 0:00:02]} Rc8 {[%emt 0:00:05]} 19. b5 {[%emt 0:00:01]} Nc7 {[%emt 0:00:02]} 20. a4 {[%emt 0:00:01]} Ne6 {[%emt 0:00:02]} 21. Ba3 {[%emt 0:00:02]} Re8 {[%emt 0:00:03]} 22. Qb3 {[%emt 0:00:12]} Nxd4 {[%emt 0:00:06]} 23. Qd3 {[%emt 0:00:05]} Ne6 {[%emt 0:00:16]} 24. Bxe7 {[%emt 0:00:05]} Rxe7 {[%emt 0:00:08]} 25. Nf5 {[%emt 0:00:01]} Rd7 {[%emt 0:00:05]} 26. Bh3 {[%emt 0:00:03]} Nc5 {[%emt 0:00:04]} 27. Qd4 {[%emt 0:00:03]} Ne6 {[%emt 0:00:11]} 28. Qb2 {[%emt 0:00:04]} Rdc7 {[%emt 0:00:04]} 29. Qb4 {[%emt 0:00:09]} Nc5 {[%emt 0:00:20]} 30. Qg4 {[%emt 0:00:06]} Qf6 {[%emt 0:00:07]} 31. Qf4 {[%emt 0:00:13]} Ne6 {[%emt 0:00:07]} 32. Qe3 {[%emt 0:00:04]} Rd8 {[%emt 0:00:09]} 33. Rfd1 {[%emt 0:00:04]} Ng5 {[%emt 0:00:06]} 34. Bg2 {[%emt 0:00:03]} Qxf5 {[%emt 0:00:03]} 35. Qd4 {[%emt 0:00:11]} Rc4 {[%emt 0:00:12]} 36. Qd2 {[%emt 0:00:06]} Rc2 {[%emt 0:00:06]} 37. Qd4 {[%emt 0:00:03]} Nf3+ {[%emt 0:00:12]} 38. Bxf3 {[%emt 0:00:03]} Qxf3 {[%emt 0:00:01]} 39. Qf4 {[%emt 0:00:01]} Rxf2 {[%emt 0:00:12]} 40. Qxf3 {[%emt 0:00:03]} Rxf3 {[%emt 0:00:02]} 41. Kg2 {[%emt 0:00:01]} d4 {[%emt 0:00:02]} 42. Kh3 {[%emt 0:00:02]} Rf2 {[%emt 0:00:04]} 43. Ra3 {[%emt 0:00:11]} Bc8+ {[%emt 0:00:07]} 44. Kh4 {[%emt 0:00:02]} g5+ {[%emt 0:00:03]} 45. Kh5 {[%emt 0:00:11]} Rxh2# {[%emt 0:00:02] Mate} 0-1

[Event "Stay Safe Play From Home 342"]
[Site "Emanuel Lasker Arena"]
[Date "2020.07.29"]
[Round "5"]
[White "Hickey"]
[Black "Timbre"]
[Result "1-0"]
[WhiteElo "2135"]
[BlackElo "1624"]
[PlyCount "91"]
[EventDate "2020.07.29"]
[EventType "swiss (blitz)"]

1. Nf3 {[%emt 0:00:01]} d5 {[%emt 0:00:13]} 2. d4 {[%emt 0:00:03]} c6 {[%emt 0:00:01]} 3. Bf4 {[%emt 0:00:01]} Bf5 {[%emt 0:00:01]} 4. e3 {[%emt 0:00:01]} e6 {[%emt 0:00:01]} 5. Be2 {[%emt 0:00:01]} Bd6 {[%emt 0:00:02]} 6. O-O {[%emt 0:00:01]} Bxf4 {[%emt 0:00:03]} 7. exf4 {[%emt 0:00:00]} Nf6 {[%emt 0:00:01]} 8. c3 {[%emt 0:00:01]} Nbd7 {[%emt 0:00:03]} 9. Nbd2 {[%emt 0:00:00]} Qc7 {[%emt 0:00:02]} 10. Ne5 {[%emt 0:00:01]} Ne4 {[%emt 0:00:07]} 11. Ndf3 {[%emt 0:00:05]} O-O {[%emt 0:00:04]} 12. Nh4 {[%emt 0:00:03]} Bg6 {[%emt 0:00:03]} 13. Bd3 {[%emt 0:00:07]} Ndf6 {[%emt 0:00:06]} 14. g4 {[%emt 0:00:13]} c5 {[%emt 0:00:13]} 15. g5 {[%emt 0:00:06]} Nd7 {[%emt 0:00:04]} 16. Nhxg6 {[%emt 0:00:09]} fxg6 {[%emt 0:00:06]} 17. Qg4 {[%emt 0:00:10]} Nxe5 {[%emt 0:00:06]} 18. fxe5 {[%emt 0:00:10]} Qe7 {[%emt 0:00:07]} 19. Bxe4 {[%emt 0:00:27]} dxe4 {[%emt 0:00:02]} 20. dxc5 {[%emt 0:00:00]} Qxc5 {[%emt 0:00:03]} 21. Qxe4 {[%emt 0:00:03]} Rf5 {[%emt 0:00:04]} 22. h4 {[%emt 0:00:02]} Raf8 {[%emt 0:00:04]} 23. Qd4 {[%emt 0:00:08]} Qc6 {[%emt 0:00:08]} 24. f4 {[%emt 0:00:03]} b6 {[%emt 0:00:16]} 25. Rf2 {[%emt 0:00:03]} Qb5 {[%emt 0:00:08]} 26. Raf1 {[%emt 0:00:04]} a5 {[%emt 0:00:02]} 27. Kg2 {[%emt 0:00:02]} Qc6+ {[%emt 0:00:09]} 28. Kg3 {[%emt 0:00:02]} b5 {[%emt 0:00:05]} 29. Rd1 {[%emt 0:00:05]} b4 {[%emt 0:00:03]} 30. cxb4 {[%emt 0:00:14]} axb4 {[%emt 0:00:02]} 31. Qxb4 {[%emt 0:00:03]} h6 {[%emt 0:00:18]} 32. Qd6 {[%emt 0:00:11]} Qe4 {[%emt 0:00:05]} 33. Qd4 {[%emt 0:00:16]} Qa8 {[%emt 0:00:19]} 34. a3 {[%emt 0:00:05]} hxg5 {[%emt 0:00:02]} 35. hxg5 {[%emt 0:00:02]} Qb8 {[%emt 0:00:11]} 36. Rd3 {[%emt 0:00:07]} Qc8 {[%emt 0:00:06]} 37. Rdf3 {[%emt 0:00:07]} Qc1 {[%emt 0:00:05]} 38. Kg2 {[%emt 0:00:02]} Qc6 {[%emt 0:00:07]} 39. Kh2 {[%emt 0:00:06]} Kf7 {[%emt 0:00:11]} 40. Qa7+ {[%emt 0:00:02]} Kg8 {[%emt 0:00:05]} 41. Qd4 {[%emt 0:00:04]} Kf7 {[%emt 0:00:03]} 42. Kg3 {[%emt 0:00:10]} Qc1 {[%emt 0:00:05]} 43. Qd7+ {[%emt 0:00:09]} Kg8 {[%emt 0:00:06]} 44. Qxe6+ {[%emt 0:00:00]} R5f7 {[%emt 0:00:02]} 45. Kg2 {[%emt 0:00:04]} Qc4 {[%emt 0:00:16]} 46. Qxc4 {[%emt 0:00:03] Timbre resigns (Lag: Av=0.76s, max=1.3s)} 1-0

[Event "Stay Safe Play From Home 342"]
[Site "Emanuel Lasker Arena"]
[Date "2020.07.29"]
[Round "5"]
[White "Lazieri3"]
[Black "Greblha"]
[Result "1-0"]
[WhiteElo "2030"]
[BlackElo "2002"]
[PlyCount "31"]
[EventDate "2020.07.29"]
[EventType "swiss (blitz)"]

1. e4 {[%emt 0:00:02]} c6 {[%emt 0:00:00]} 2. d4 {[%emt 0:00:01]} d5 {[%emt 0:00:00]} 3. Nc3 {[%emt 0:00:02]} dxe4 {[%emt 0:00:01]} 4. Nxe4 {[%emt 0:00:00]} Nf6 {[%emt 0:00:00]} 5. Nxf6+ {[%emt 0:00:01]} gxf6 {[%emt 0:00:00]} 6. Bf4 {[%emt 0:00:02]} Bf5 {[%emt 0:00:01]} 7. Bd3 {[%emt 0:00:01]} e6 {[%emt 0:00:04]} 8. Bxf5 {[%emt 0:00:02]} Qa5+ {[%emt 0:00:01]} 9. Qd2 {[%emt 0:00:04]} Qxf5 {[%emt 0:00:01]} 10. Nf3 {[%emt 0:00:01]} Nd7 {[%emt 0:00:02]} 11. O-O-O {[%emt 0:00:04]} O-O-O {[%emt 0:00:02]} 12. g3 {[%emt 0:00:07]} Qd5 {[%emt 0:00:18]} 13. b3 {[%emt 0:00:05]} Ba3+ {[%emt 0:00:06]} 14. Kb1 {[%emt 0:00:02]} Qxf3 {[%emt 0:00:01]} 15. Qa5 {[%emt 0:00:01]} Be7 {[%emt 0:00:23]} 16. Qc7# {[%emt 0:00:02] (Lag: Av=0.52s, max=0.9s)} 1-0

[Event "Stay Safe Play From Home 342"]
[Site "Emanuel Lasker Arena"]
[Date "2020.07.29"]
[Round "5"]
[White "Don59as"]
[Black "Klasman"]
[Result "1-0"]
[WhiteElo "2016"]
[BlackElo "1535"]
[Annotator "NA"]
[PlyCount "81"]
[EventDate "2020.07.29"]
[EventType "swiss (blitz)"]

1. c4 {[%emt 0:00:02]} f5 {[%emt 0:00:01]} 2. Nc3 {[%emt 0:00:01]} Nf6 {[%emt 0:00:01]} 3. g3 {[%emt 0:00:01]} e5 {[%emt 0:00:01]} 4. Bg2 {[%emt 0:00:01]} c6 {[%emt 0:00:01]} 5. e3 {[%emt 0:00:00]} d5 {[%emt 0:00:01]} 6. cxd5 {[%emt 0:00:00]} cxd5 {[%emt 0:00:01]} 7. Qb3 {[%emt 0:00:01]} e4 {[%emt 0:00:06]} 8. d3 {[%emt 0:00:03]} Nc6 {[%emt 0:00:01]} 9. dxe4 {[%emt 0:00:02]} fxe4 {[%emt 0:00:01]} 10. Nge2 {[%emt 0:00:06]} Qb6 {[%emt 0:00:01]} 11. O-O {[%emt 0:00:06]} Qxb3 {[%emt 0:00:01]} 12. axb3 {[%emt 0:00:02]} Bd6 {[%emt 0:00:04]} 13. Rd1 {[%emt 0:00:04]} Be6 {[%emt 0:00:03]} 14. Nxe4 {[%emt 0:00:07]} Nxe4 {[%emt 0:00:10]} 15. Bxe4 {[%emt 0:00:03]} Bxg3 {[%emt 0:00:05]} 16. Bxd5 {[%emt 0:00:10]} Bxf2+ {[%emt 0:00:04]} 17. Kxf2 {[%emt 0:00:03]} O-O+ {[%emt 0:00:02]} 18. Kg1 {[%emt 0:00:04]} Bxd5 {[%emt 0:00:02]} 19. Rxd5 {[%emt 0:00:02]} Rad8 {[%emt 0:00:02]} 20. e4 {[%emt 0:00:13]} Nb4 {[%emt 0:00:13]} 21. Rxd8 {[%emt 0:00:06]} Rxd8 {[%emt 0:00:03]} 22. Bg5 {[%emt 0:00:18]} Ra8 {[%emt 0:00:11]} 23. Rd1 {[%emt 0:00:11]} Re8 {[%emt 0:00:09]} 24. Nc3 {[%emt 0:00:05]} Kf7 {[%emt 0:00:16]} 25. Rd7+ {[%emt 0:00:03]} Kg6 {[%emt 0:00:04]} 26. Rxb7 {[%emt 0:00:04]} Kxg5 {[%emt 0:00:24]} 27. Rxb4 {[%emt 0:00:02]} Kf4 {[%emt 0:00:05]} 28. Kf2 {[%emt 0:00:03]} g5 {[%emt 0:00:04]} 29. Rb7 {[%emt 0:00:02]} h5 {[%emt 0:00:03]} 30. Rxa7 {[%emt 0:00:04]} Rb8 {[%emt 0:00:01]} 31. Rf7+ {[%emt 0:00:04]} Kg4 {[%emt 0:00:01]} 32. Rd7 {[%emt 0:00:26]} Rxb3 {[%emt 0:00:04]} 33. Rd2 {[%emt 0:00:01]} Kh3 {[%emt 0:00:04]} 34. Ke3 {[%emt 0:00:04]} g4 {[%emt 0:00:03]} 35. e5 {[%emt 0:00:01]} g3 {[%emt 0:00:04]} 36. hxg3 {[%emt 0:00:02]} Kxg3 {[%emt 0:00:01]} 37. Ke4 {[%emt 0:00:08]} h4 {[%emt 0:00:03]} 38. e6 {[%emt 0:00:01]} h3 {[%emt 0:00:00]} 39. e7 {[%emt 0:00:08]} h2 {[%emt 0:00:00]} 40. Rxh2 {[%emt 0:00:02]} Rb8 {[%emt 0:00:03]} 41. Rh7 {[%emt 0:00:05] Klasman resigns (Lag: Av=0.55s, max=1.0s)} 1-0

[Event "Stay Safe Play From Home 342"]
[Site "Emanuel Lasker Arena"]
[Date "2020.07.29"]
[Round "5"]
[White "Haris kollari 13"]
[Black "Ionelluca"]
[Result "0-1"]
[WhiteElo "1885"]
[BlackElo "1989"]
[Annotator "NA"]
[PlyCount "88"]
[EventDate "2020.07.29"]
[EventType "swiss (blitz)"]

1. e4 {[%emt 0:00:02]} d6 {[%emt 0:00:01]} 2. f4 {[%emt 0:00:01]} e5 {[%emt 0:00:06]} 3. Nf3 {[%emt 0:00:01]} f5 {[%emt 0:00:01]} 4. d3 {[%emt 0:00:02]} Nf6 {[%emt 0:00:02]} 5. Nc3 {[%emt 0:00:02]} Nc6 {[%emt 0:00:02]} 6. Bd2 {[%emt 0:00:01]} Be7 {[%emt 0:00:01]} 7. Qe2 {[%emt 0:00:01]} O-O {[%emt 0:00:02]} 8. O-O-O {[%emt 0:00:03]} Nd4 {[%emt 0:00:01]} 9. Qf2 {[%emt 0:00:06]} Ng4 {[%emt 0:00:10]} 10. Qg1 {[%emt 0:00:03]} b5 {[%emt 0:00:03]} 11. Nxd4 {[%emt 0:00:05]} exd4 {[%emt 0:00:02]} 12. Qxd4 {[%emt 0:00:02]} Kh8 {[%emt 0:00:14]} 13. h3 {[%emt 0:00:01]} c5 {[%emt 0:00:14]} 14. Qg1 {[%emt 0:00:04]} Nf6 {[%emt 0:00:03]} 15. g4 {[%emt 0:00:04]} b4 {[%emt 0:00:06]} 16. Nd5 {[%emt 0:00:09]} fxe4 {[%emt 0:00:04]} 17. Nxf6 {[%emt 0:00:03]} Bxf6 {[%emt 0:00:01]} 18. dxe4 {[%emt 0:00:01]} Qa5 {[%emt 0:00:05]} 19. Kb1 {[%emt 0:00:02]} Be6 {[%emt 0:00:08]} 20. b3 {[%emt 0:00:02]} Bd4 {[%emt 0:00:09]} 21. Qg2 {[%emt 0:00:04]} Qb6 {[%emt 0:00:25]} 22. Bc1 {[%emt 0:00:03]} a5 {[%emt 0:00:02]} 23. f5 {[%emt 0:00:01]} Bg8 {[%emt 0:00:02]} 24. g5 {[%emt 0:00:04]} a4 {[%emt 0:00:01]} 25. f6 {[%emt 0:00:15]} axb3 {[%emt 0:00:06]} 26. cxb3 {[%emt 0:00:02]} Bxb3 {[%emt 0:00:02]} 27. Rxd4 {[%emt 0:00:03]} Bxa2+ {[%emt 0:00:03]} 28. Kc2 {[%emt 0:00:05]} cxd4 {[%emt 0:00:06]} 29. fxg7+ {[%emt 0:00:15]} Kxg7 {[%emt 0:00:01]} 30. g6 {[%emt 0:00:03]} Qc5+ {[%emt 0:00:01]} 31. Kd1 {[%emt 0:00:07]} Bb3+ {[%emt 0:00:01]} 32. Ke2 {[%emt 0:00:01]} Ra2+ {[%emt 0:00:10]} 33. Bd2 {[%emt 0:00:02]} Bc4+ {[%emt 0:00:28]} 34. Kd1 {[%emt 0:00:03]} Ra1+ {[%emt 0:00:01]} 35. Bc1 {[%emt 0:00:03]} Rxc1+ {[%emt 0:00:05]} 36. Kd2 {[%emt 0:00:06]} Bxf1 {[%emt 0:00:12]} 37. gxh7+ {[%emt 0:00:02]} Bxg2 {[%emt 0:00:02]} 38. h8=Q+ {[%emt 0:00:01]} Kxh8 {[%emt 0:00:03]} 39. Rxc1 {[%emt 0:00:00]} Qc3+ {[%emt 0:00:02]} 40. Rxc3 {[%emt 0:00:02]} dxc3+ {[%emt 0:00:01]} 41. Kd3 {[%emt 0:00:00]} Bxe4+ {[%emt 0:00:01]} 42. Kxe4 {[%emt 0:00:01]} c2 {[%emt 0:00:01]} 43. Kd3 {[%emt 0:00:01]} c1=Q {[%emt 0:00:02]} 44. Kd4 {[%emt 0:00:00]} Qc5+ {[%emt 0:00:02] Haris kollari 13 resigns (Lag: Av=0.55s, max=1.1s)} 0-1

[Event "Stay Safe Play From Home 342"]
[Site "Emanuel Lasker Arena"]
[Date "2020.07.29"]
[Round "5"]
[White "Kongle"]
[Black "Swolkenlosa"]
[Result "1-0"]
[WhiteElo "1686"]
[BlackElo "1523"]
[Annotator "NA"]
[PlyCount "77"]
[EventDate "2020.07.29"]
[EventType "swiss (blitz)"]

1. e4 {[%emt 0:00:09]} c5 {[%emt 0:00:02]} 2. Nf3 {[%emt 0:00:03]} Nc6 {[%emt 0:00:03]} 3. d4 {[%emt 0:00:01]} cxd4 {[%emt 0:00:03]} 4. Nxd4 {[%emt 0:00:00]} Nxd4 {[%emt 0:00:01]} 5. Qxd4 {[%emt 0:00:02]} Nf6 {[%emt 0:00:03]} 6. Bc4 {[%emt 0:00:02]} Qa5+ {[%emt 0:00:07]} 7. Nc3 {[%emt 0:00:04]} e6 {[%emt 0:00:02]} 8. O-O {[%emt 0:00:03]} Be7 {[%emt 0:00:01]} 9. e5 {[%emt 0:00:04]} Nd5 {[%emt 0:00:09]} 10. Nxd5 {[%emt 0:00:06]} exd5 {[%emt 0:00:01]} 11. Bxd5 {[%emt 0:00:04]} O-O {[%emt 0:00:02]} 12. Bd2 {[%emt 0:00:07]} Qb5 {[%emt 0:00:14]} 13. c4 {[%emt 0:00:11]} Qa6 {[%emt 0:00:03]} 14. Bc3 {[%emt 0:00:05]} Rb8 {[%emt 0:00:02]} 15. f4 {[%emt 0:00:08]} Re8 {[%emt 0:00:06]} 16. f5 {[%emt 0:00:07]} Bf8 {[%emt 0:00:02]} 17. f6 {[%emt 0:00:05]} g6 {[%emt 0:00:02]} 18. Qf4 {[%emt 0:00:10]} b6 {[%emt 0:00:01]} 19. e6 {[%emt 0:00:15]} dxe6 {[%emt 0:00:02]} 20. Qxb8 {[%emt 0:00:03]} exd5 {[%emt 0:00:02]} 21. cxd5 {[%emt 0:00:08]} Bc5+ {[%emt 0:00:01]} 22. Kh1 {[%emt 0:00:02]} Bd7 {[%emt 0:00:01]} 23. Qf4 {[%emt 0:00:05]} Bf8 {[%emt 0:00:04]} 24. h4 {[%emt 0:00:03]} Bf5 {[%emt 0:00:03]} 25. h5 {[%emt 0:00:03]} Qe2 {[%emt 0:00:03]} 26. hxg6 {[%emt 0:00:06]} Qh5+ {[%emt 0:00:04]} 27. Qh2 {[%emt 0:00:10]} Bxg6 {[%emt 0:00:04]} 28. Qxh5 {[%emt 0:00:02]} Bxh5 {[%emt 0:00:02]} 29. Rf5 {[%emt 0:00:09]} Bg6 {[%emt 0:00:02]} 30. Rf3 {[%emt 0:00:05]} Bc5 {[%emt 0:00:02]} 31. Rd1 {[%emt 0:00:08]} Rd8 {[%emt 0:00:02]} 32. a3 {[%emt 0:00:07]} Kh8 {[%emt 0:00:02]} 33. b4 {[%emt 0:00:03]} Bd6 {[%emt 0:00:05]} 34. Re3 {[%emt 0:00:10]} Bf4 {[%emt 0:00:04]} 35. Re7 {[%emt 0:00:03]} a6 {[%emt 0:00:12]} 36. d6 {[%emt 0:00:06]} Bh5 {[%emt 0:00:03]} 37. d7 {[%emt 0:00:09]} Bxd1 {[%emt 0:00:03]} 38. Re8+ {[%emt 0:00:02]} Rxe8 {[%emt 0:00:06]} 39. dxe8=Q# {[%emt 0:00:03] (Lag: Av=0.56s, max=1.3s) Mate} 1-0

[Event "Stay Safe Play From Home 342"]
[Site "Emanuel Lasker Arena"]
[Date "2020.07.29"]
[Round "5"]
[White "Erdema"]
[Black "Canpawn"]
[Result "1-0"]
[WhiteElo "1581"]
[BlackElo "1362"]
[Annotator "NA"]
[PlyCount "69"]
[EventDate "2020.07.29"]
[EventType "swiss (blitz)"]

1. e4 {[%emt 0:00:02]} e6 {[%emt 0:00:03]} 2. d4 {[%emt 0:00:02]} d5 {[%emt 0:00:00]} 3. exd5 {[%emt 0:00:02]} exd5 {[%emt 0:00:00]} 4. Bd3 {[%emt 0:00:01]} Nf6 {[%emt 0:00:00]} 5. c3 {[%emt 0:00:01]} Be7 {[%emt 0:00:00]} 6. Nf3 {[%emt 0:00:02]} O-O {[%emt 0:00:00]} 7. h3 {[%emt 0:00:02]} c6 {[%emt 0:00:01]} 8. O-O {[%emt 0:00:01]} Nbd7 {[%emt 0:00:00]} 9. Re1 {[%emt 0:00:01]} Re8 {[%emt 0:00:01]} 10. Ne5 {[%emt 0:00:02]} Nxe5 {[%emt 0:00:01]} 11. dxe5 {[%emt 0:00:02]} Nd7 {[%emt 0:00:00]} 12. e6 {[%emt 0:00:02]} fxe6 {[%emt 0:00:02]} 13. Rxe6 {[%emt 0:00:02]} Nf6 {[%emt 0:00:01]} 14. Re1 {[%emt 0:00:02]} Bd6 {[%emt 0:00:02]} 15. Be3 {[%emt 0:00:04]} Qe7 {[%emt 0:00:02]} 16. Na3 {[%emt 0:00:05]} Qe5 {[%emt 0:00:02]} 17. f4 {[%emt 0:00:04]} Qe6 {[%emt 0:00:06]} 18. Bd2 {[%emt 0:00:06]} Qd7 {[%emt 0:00:02]} 19. Rxe8+ {[%emt 0:00:03]} Qxe8 {[%emt 0:00:00]} 20. Qc2 {[%emt 0:00:13]} Nh5 {[%emt 0:00:03]} 21. Re1 {[%emt 0:00:04]} Qf7 {[%emt 0:00:04]} 22. Bxh7+ {[%emt 0:00:03]} Kh8 {[%emt 0:00:02]} 23. Bg6 {[%emt 0:00:09]} Bc5+ {[%emt 0:00:04]} 24. Kh2 {[%emt 0:00:07]} Bf5 {[%emt 0:00:08]} 25. Qxf5 {[%emt 0:00:09]} Qxf5 {[%emt 0:00:02]} 26. Bxf5 {[%emt 0:00:02]} Nf6 {[%emt 0:00:02]} 27. Be3 {[%emt 0:00:04]} Bd6 {[%emt 0:00:02]} 28. g4 {[%emt 0:00:04]} Rf8 {[%emt 0:00:03]} 29. Bg6 {[%emt 0:00:03]} Nh7 {[%emt 0:00:02]} 30. g5 {[%emt 0:00:05]} Bxf4+ {[%emt 0:00:02]} 31. Bxf4 {[%emt 0:00:03]} Rxf4 {[%emt 0:00:00]} 32. Re8+ {[%emt 0:00:09]} Nf8 {[%emt 0:00:03]} 33. Kg3 {[%emt 0:00:05]} Rf1 {[%emt 0:00:04]} 34. Nc2 {[%emt 0:00:04]} Rg1+ {[%emt 0:00:05]} 35. Kh4 {[%emt 0:00:05] Canpawn terk eder (Lag: Av=0.68s, max=1.0s)} 1-0

[Event "Stay Safe Play From Home 342"]
[Site "Emanuel Lasker Arena"]
[Date "2020.07.29"]
[Round "6"]
[White "Greblha"]
[Black "Hickey"]
[Result "0-1"]
[WhiteElo "1986"]
[BlackElo "2137"]
[Annotator "NA"]
[PlyCount "152"]
[EventDate "2020.07.29"]
[EventType "swiss (blitz)"]

1. e4 {[%emt 0:00:02]} c6 {[%emt 0:00:01]} 2. d4 {[%emt 0:00:02]} d5 {[%emt 0:00:00]} 3. exd5 {[%emt 0:00:01]} cxd5 {[%emt 0:00:00]} 4. Bd3 {[%emt 0:00:01]} Nc6 {[%emt 0:00:01]} 5. c3 {[%emt 0:00:01]} g6 {[%emt 0:00:01]} 6. Ne2 {[%emt 0:00:01]} Bg7 {[%emt 0:00:01]} 7. O-O {[%emt 0:00:01]} Nf6 {[%emt 0:00:01]} 8. Nd2 {[%emt 0:00:04]} O-O {[%emt 0:00:02]} 9. f4 {[%emt 0:00:02]} Bf5 {[%emt 0:00:13]} 10. Bxf5 {[%emt 0:00:02]} gxf5 {[%emt 0:00:00]} 11. Nf3 {[%emt 0:00:01]} Ne4 {[%emt 0:00:00]} 12. Ne5 {[%emt 0:00:01]} e6 {[%emt 0:00:04]} 13. Ng3 {[%emt 0:00:08]} Kh8 {[%emt 0:00:02]} 14. Nxe4 {[%emt 0:00:06]} fxe4 {[%emt 0:00:05]} 15. Qh5 {[%emt 0:00:02]} Qe8 {[%emt 0:00:42]} 16. Qh4 {[%emt 0:00:53]} f5 {[%emt 0:00:13]} 17. Bd2 {[%emt 0:00:05]} Rf6 {[%emt 0:00:10]} 18. Rae1 {[%emt 0:00:29]} Rh6 {[%emt 0:00:16]} 19. Qg5 {[%emt 0:00:12]} Qh5 {[%emt 0:00:52]} 20. Qxh5 {[%emt 0:00:35]} Rxh5 {[%emt 0:00:00]} 21. Re3 {[%emt 0:00:04]} Nxe5 {[%emt 0:00:10]} 22. dxe5 {[%emt 0:00:08]} Bf8 {[%emt 0:00:04]} 23. Rg3 {[%emt 0:00:10]} Rh6 {[%emt 0:00:10]} 24. Be3 {[%emt 0:00:02]} a6 {[%emt 0:00:01]} 25. Bb6 {[%emt 0:00:05]} Rc8 {[%emt 0:00:03]} 26. a4 {[%emt 0:00:03]} Rg6 {[%emt 0:00:06]} 27. Rxg6 {[%emt 0:00:04]} hxg6 {[%emt 0:00:00]} 28. Rd1 {[%emt 0:00:07]} Kg8 {[%emt 0:00:11]} 29. Kf1 {[%emt 0:00:01]} Kf7 {[%emt 0:00:06]} 30. Ke2 {[%emt 0:00:01]} Be7 {[%emt 0:00:00]} 31. Ra1 {[%emt 0:00:07]} g5 {[%emt 0:00:02]} 32. g3 {[%emt 0:00:06]} Rh8 {[%emt 0:00:03]} 33. Rh1 {[%emt 0:00:02]} Rh3 {[%emt 0:00:05]} 34. fxg5 {[%emt 0:00:05]} Bxg5 {[%emt 0:00:01]} 35. Kf2 {[%emt 0:00:02]} Kg6 {[%emt 0:00:07]} 36. Kg2 {[%emt 0:00:01]} Rh8 {[%emt 0:00:01]} 37. h4 {[%emt 0:00:01]} Bh6 {[%emt 0:00:02]} 38. Kh3 {[%emt 0:00:04]} Rc8 {[%emt 0:00:09]} 39. Bd4 {[%emt 0:00:02]} Rc4 {[%emt 0:00:04]} 40. a5 {[%emt 0:00:02]} Kh5 {[%emt 0:00:01]} 41. Rf1 {[%emt 0:00:04]} Ra4 {[%emt 0:00:03]} 42. Bb6 {[%emt 0:00:03]} Bg7 {[%emt 0:00:03]} 43. Bc7 {[%emt 0:00:03]} Bh6 {[%emt 0:00:03]} 44. Rb1 {[%emt 0:00:07]} e3 {[%emt 0:00:03]} 45. b4 {[%emt 0:00:09]} Ra2 {[%emt 0:00:02]} 46. Bb6 {[%emt 0:00:05]} e2 {[%emt 0:00:01]} 47. Bf2 {[%emt 0:00:02]} Bd2 {[%emt 0:00:02]} 48. Be1 {[%emt 0:00:02]} Be3 {[%emt 0:00:04]} 49. Kg2 {[%emt 0:00:01]} Kg4 {[%emt 0:00:01]} 50. b5 {[%emt 0:00:01]} Rxa5 {[%emt 0:00:06]} 51. bxa6 {[%emt 0:00:02]} bxa6 {[%emt 0:00:00]} 52. h5 {[%emt 0:00:01]} Kxh5 {[%emt 0:00:02]} 53. Kf3 {[%emt 0:00:01]} Bg5 {[%emt 0:00:03]} 54. Kxe2 {[%emt 0:00:01]} Rb5 {[%emt 0:00:02]} 55. Ra1 {[%emt 0:00:03]} a5 {[%emt 0:00:01]} 56. Kd3 {[%emt 0:00:01]} Kg4 {[%emt 0:00:01]} 57. c4 {[%emt 0:00:01]} dxc4+ {[%emt 0:00:00]} 58. Kxc4 {[%emt 0:00:01]} Rxe5 {[%emt 0:00:01]} 59. Bxa5 {[%emt 0:00:02]} Re4+ {[%emt 0:00:02]} 60. Kd3 {[%emt 0:00:01]} Re3+ {[%emt 0:00:02]} 61. Kd4 {[%emt 0:00:01]} Bf6+ {[%emt 0:00:02]} 62. Kxe3 {[%emt 0:00:01]} Bxa1 {[%emt 0:00:00]} 63. Bc7 {[%emt 0:00:02]} Bf6 {[%emt 0:00:01]} 64. Kf2 {[%emt 0:00:01]} e5 {[%emt 0:00:01]} 65. Kg2 {[%emt 0:00:00]} e4 {[%emt 0:00:00]} 66. Kf2 {[%emt 0:00:00]} Bg5 {[%emt 0:00:01]} 67. Bf4 {[%emt 0:00:01]} Bxf4 {[%emt 0:00:01]} 68. gxf4 {[%emt 0:00:00]} Kxf4 {[%emt 0:00:00]} 69. Ke2 {[%emt 0:00:00]} e3 {[%emt 0:00:00]} 70. Ke1 {[%emt 0:00:01]} Ke4 {[%emt 0:00:00]} 71. Kf1 {[%emt 0:00:00]} f4 {[%emt 0:00:00]} 72. Ke2 {[%emt 0:00:00]} f3+ {[%emt 0:00:00]} 73. Ke1 {[%emt 0:00:00]} Kd3 {[%emt 0:00:00]} 74. Kf1 {[%emt 0:00:00]} Kd2 {[%emt 0:00:00]} 75. Kg1 {[%emt 0:00:01]} e2 {[%emt 0:00:00]} 76. Kh2 {[%emt 0:00:00]} e1=Q {[%emt 0:00:00] Zeit (Lag: Av=0.58s, max=1.0s)} 0-1